| 000 | 00958cam a22002534a 4500 | ||
|---|---|---|---|
| 005 | 20081105190238.0 | ||
| 008 | 080605s2008 cauab b 001 0 eng | ||
| 010 | _aENG-92432 | ||
| 020 |
_a9788175791824 _c500.00 |
||
| 035 | _aEN-75965 | ||
| 037 | _bDBAD / PUB | ||
| 040 |
_adpl _bEnglish |
||
| 082 | _a230.564 | ||
| 100 | _aPurnendu Ranjan | ||
| 245 |
_aHistory of Kabirpanth: _ba regional process / _cby Purnendu Ranjan |
||
| 260 |
_aNew Delhi _bAnamika Publishers _c2008 |
||
| 270 |
_a4697/3, 21A, Ansar Road, Daryaganj, _bNew Delhi _e110002 |
||
| 300 |
_a285p. _c23 cm (Hb) |
||
| 500 | _aIncludes bibliographical references and index. | ||
| 600 | _aKabir, 15th cent. | ||
| 650 |
_aKabīrpanthīs _xHistory. |
||
| 942 |
_2ddc _cEN _mPUR _h230.564 |
||
| 999 |
_c20797 _d20797 |
||